000 00575nam a2200193 i 4500
001 49884
003 ES-MaACL
005 20230906162059.0
007 t|
008 030725s1978 sp ||||1| spa d
100 1 _aCravens, Gwyneth.
_941452
245 1 3 _aLa muerte negra /
_cpor Gwyneth Cravens y John S. Marr ; [traducción de J. Ferrer Aleu].
250 _a[2ª ed.].
260 _a[Barcelona] :
_bPlaza & Janés,
_c[1978]
300 _a331 p. ;
_c20 cm.
700 1 _aMarr, John S.
_977053
700 1 _aFerrer Aleu, J.
_950442
852 _aES-MaACL
_jA-9145
_bR.97709
999 _c49884
_d49884